Remembering violence : (Record no. 39129)

MARC details
000 -LEADER
fixed length control field 01641cam a2200205 a 4500
020 ## - INTERNATIONAL STANDARD BOOK NUMBER
ISBN 9781845456245
020 ## - INTERNATIONAL STANDARD BOOK NUMBER
ISBN 1845456246
082 00 - DEWEY DECIMAL CLASSIFICATION NUMBER
Classification number 303.6
Item number REM-
245 00 - TITLE STATEMENT
Title Remembering violence :
Sub Title anthropological perspectives on intergenerational transmission /
Statement of responsibility, etc edited by Nicolas Argenti and Katharina Schramm.
260 ## - PUBLICATION, DISTRIBUTION, ETC. (IMPRINT)
Place of publication New York :
Name of publisher Berghahn Books,
Year of publication 2010.
300 ## - PHYSICAL DESCRIPTION
Number of Pages 270p.:
Other physical details ill.
504 ## - BIBLIOGRAPHY, ETC. NOTE
Bibliography, etc Includes bibliographical references and index.
520 ## - SUMMARY, ETC.
Summary, etc Psychologists have done a great deal of research on the effects of trauma on the individual, revealing the paradox that violent experiences are often secreted away beyond easy accessibility, becoming impossible to verbalize explicitly. However, comparatively little research has been done on the transgenerational effects of trauma and the means by which experiences are transmitted from person to person across time to become intrinsic parts of the social fabric. With eight contributions covering Africa, Central and South America, China, Europe, and the Middle East, this volume sheds new light on the role of memory in constructing popular histories – or historiographies – of violence in the absence of, or in contradistinction to, authoritative written histories. It brings new ethnographic data to light and presents a truly cross-cultural range of case studies that will greatly enhance the discussion of memory and violence across disciplines.
650 #0 - SUBJECT ADDED ENTRY--TOPICAL TERM
Topical Term Violence.
650 #0 - SUBJECT ADDED ENTRY--TOPICAL TERM
Topical Term Intergenerational communication.
650 #0 - SUBJECT ADDED ENTRY--TOPICAL TERM
Topical Term Memory.
Form subdivision Ethnopsychology.
700 1# - ADDED ENTRY--PERSONAL NAME
Personal name Argenti, Nicolas.
Relator term editor.
700 1# - ADDED ENTRY--PERSONAL NAME
Personal name Schramm, Katharina.
Relator term editor.
942 ## - ADDED ENTRY ELEMENTS (KOHA)
Source of classification or shelving scheme Dewey Decimal Classification
Koha item type Books
Holdings
Withdrawn status Lost status Damaged status Not for loan Home library Current library Date acquired Source of acquisition Cost, normal purchase price Bill Date Full call number Accession Number Cost, replacement price Price effective from Koha item type
        NASSDOC Library NASSDOC Library 29/04/2024 Overseas press India Pvt Ltd 6855.20 20-03-24 303.6 REM- 54239 10546.47 29/04/2024 Books